TEXT BOOK OF DENTAL PHARMACOLOGY (Record no. 4509)

MARC details
000 -LEADER
fixed length control field 00358nam a2200145Ia 4500
008 - FIXED-LENGTH DATA ELEMENTS--GENERAL INFORMATION
fixed length control field 150201s2008 xx 000 0 und d
082 ## - DEWEY DECIMAL CLASSIFICATION NUMBER
Classification number 615
Item number D2008J
100 ## - MAIN ENTRY--PERSONAL NAME
Personal name SHARMA, HL
245 ## - TITLE STATEMENT
Title TEXT BOOK OF DENTAL PHARMACOLOGY
250 ## - EDITION STATEMENT
Edition statement 1ST
260 ## - PUBLICATION, DISTRIBUTION, ETC. (IMPRINT)
Name of publisher, distributor, etc. PARAS PUBLISHING
Place of publication, distribution, etc. HYDERABAD
Date of publication, distribution, etc. 2008
300 ## - PHYSICAL DESCRIPTION
Extent 1-595
650 ## - SUBJECT ADDED ENTRY--TOPICAL TERM
Topical term or geographic name as entry element PHARMACOLOGY
942 ## - ADDED ENTRY ELEMENTS (KOHA)
Source of classification or shelving scheme Dewey Decimal Classification
Koha item type Books
Koha issues (borrowed), all copies 8
Holdings
Withdrawn status Lost status Source of classification or shelving scheme Damaged status Not for loan Home library Current library Date acquired Source of acquisition Cost, normal purchase price Serial Enumeration / chronology SGTU Bill Number Total Checkouts Full call number Barcode Date last seen Date last checked out Bill Date Koha item type
    Dewey Decimal Classification     SGT Dental Library SGT Dental Library 29/10/2010 U.B.S.DELHI 695.00 1 SGTU 620 12 615 D2008J FD6141 19/09/2024 19/09/2024 29/03/2013 Books
    Dewey Decimal Classification     SGT Dental Library SGT Dental Library 29/10/2010 U.B.S.DELHI 695.00 1 SGTU 620 3 615 D2008J FD6142 17/05/2019 17/05/2019 29/03/2013 Books
    Dewey Decimal Classification     SGT Dental Library SGT Dental Library 29/10/2010 U.B.S.DELHI 695.00 1 SGTU 620   615 D2008J FD6143 09/02/2015   29/03/2013 Books
    Dewey Decimal Classification     SGT Dental Library SGT Dental Library 29/10/2010 U.B.S.DELHI 695.00 1 SGTU 620 2 615 D2008J FD6144 24/04/2026 24/04/2026 29/03/2013 Books
    Dewey Decimal Classification     SGT Dental Library SGT Dental Library 29/10/2010 U.B.S.DELHI 695.00 1 SGTU 620   615 D2008J FD6145 21/06/2022   29/03/2013 Books